Normal view MARC view

Entry Nombre personal

Number of records used in: 1

001 - NÚMERO DE CONTROL

  • campo de control: 70460

003 - IDENTIFICADOR DE NÚMERO DE CONTROL

  • campo de control: OSt

005 - FECHA Y HORA DE LA ÚLTIMA TRANSACCIÓN

  • campo de control: 20241029134425.0

008 - ELEMENTOS DE DATO DE LONGITUD-FIJA

  • campo de control de longitud fija: 240704 b aiznnaaan n bnc d

024 7# - IDENTIFICADOR DE OTROS ESTÁNDARES

  • Número estándar o código: http://viaf.org/viaf/2554551/
  • Fuente: viaf

024 7# - IDENTIFICADOR DE OTROS ESTÁNDARES

  • Número estándar o código: https://isni.org/isni/0000000121180061
  • Fuente: isni

024 7# - IDENTIFICADOR DE OTROS ESTÁNDARES

  • Número estándar o código: http://www.wikidata.org/entity/Q105428
  • Fuente: wikidata

040 ## - FUENTE DE CATALOGACIÓN

  • Centro catalogador/agencia de origen: SpMaBN
  • Lengua de catalogación: spa
  • Centro/agencia transcriptor: SpMaBN
  • Normas de descripción: rdc
  • Convención/Normas de encabezamiento de materia/tesauro: embne

046 ## - FECHAS CON CODIFICACIÓN ESPECIAL

  • Fecha de nacimiento: 1746
  • Fecha de la muerte: 1827

100 1# - ENCABEZAMIENTO-NOMBRE DE PERSONA

  • Nombre de persona: Pestalozzi, Johann Heinrich (
  • Fechas asociadas al nombre: 1746-1827)

370 ## - LUGAR ASOCIADO

  • Lugar de nacimiento: Zúrich
  • Número de control del registro de autoridad o número normalizado: XX451621
  • Fuente de información: Wikidata

373 ## - GRUPO ASOCIADO

  • Grupo asociado: Academia de Ciencias de Baviera
  • Grupo asociado: Iluminados de Baviera
  • Fuente de información: Wikidata

374 ## - OCUPACIÓN

  • Ocupación: Agricultores
  • Ocupación: Escritores
  • Ocupación: Politicos
  • Ocupación: Filósofos
  • Ocupación: Pedagogos
  • Fuente de información: Wikidata

375 ## - GÉNERO/SEXO

  • Género: Masculino

377 ## - IDIOMA ASOCIADO

  • Término de lengua/lenguaje: Alemán
  • Término de lengua/lenguaje: Francés

400 1# - TRAZADO DE VÉASE--NOMBRE DE PERSONA

  • Nombre de persona: Pestalozzi, Enrico (
  • Fechas asociadas al nombre: 1746-1827)

400 1# - TRAZADO DE VÉASE--NOMBRE DE PERSONA

  • Nombre de persona: Pestalozzi, Heinrich (
  • Fechas asociadas al nombre: 1746-1827)

400 1# - TRAZADO DE VÉASE--NOMBRE DE PERSONA

  • Nombre de persona: Pestalozzi, J. E. (
  • Fechas asociadas al nombre: 1746-1827)

400 1# - TRAZADO DE VÉASE--NOMBRE DE PERSONA

  • Nombre de persona: Pestalozzi, Juan Enrique (
  • Fechas asociadas al nombre: 1746-1827)

670 ## - FUENTE DE DATOS ENCONTRADOS

  • Cita de la fuente: Cartas sobre educación infantil, 2012
  • Información encontrada: port. (Johann Heinrich Pestalozzi)

670 ## - FUENTE DE DATOS ENCONTRADOS

  • Cita de la fuente: Leonardo y Gertrudis, 2009
  • Información encontrada: port. (J.E. Pestalozzi)

670 ## - FUENTE DE DATOS ENCONTRADOS

  • Cita de la fuente: Algunos escritos sociales, 2003
  • Información encontrada: port. (Juan Enrique Pestalozzi)

670 ## - FUENTE DE DATOS ENCONTRADOS

  • Cita de la fuente: Cartas sobre educación infantil, 1982
  • Información encontrada: port. (Pestalozzi)

670 ## - FUENTE DE DATOS ENCONTRADOS

  • Cita de la fuente: WWW Deutsche National Bibliothek, 26-5-2014
  • Información encontrada: (Pestalozzi, Johann Heinrich)

670 ## - FUENTE DE DATOS ENCONTRADOS

  • Cita de la fuente: Dic. de filosofía, de J. Ferrater Mora, 1980
  • Información encontrada: (Pestalozzi, Johann Heinrich (1746-1827); n. Zurich)

670 ## - FUENTE DE DATOS ENCONTRADOS

  • Cita de la fuente: WWW Busca Buigrafías, 26-5-2014
  • Información encontrada: (Johann Heinrich Pestalozzi (1746/01/12 - 1827/02/17))

Powered by Koha